MARC details
| 000 -LEADER |
| campo de control de longitud fija |
01477nam a2200265 i 4500 |
| 001 - NÚMERO DE CONTROL |
| campo de control |
185277 |
| 003 - IDENTIFICADOR DE NÚMERO DE CONTROL |
| campo de control |
ES-MaACL |
| 005 - FECHA Y HORA DE LA ÚLTIMA TRANSACCIÓN |
| campo de control |
20250905144018.0 |
| 008 - DATOS DE LONGITUD FIJA--INFORMACIÓN GENERAL |
| campo de control de longitud fija |
160505s2014 sp agm |||| |dspa d |
| 020 ## - NÚMERO INTERNACIONAL ESTÁNDAR DEL LIBRO |
| Número Internacional Estándar del Libro |
978-84-697-1838-4 |
| 080 ## - NÚMERO DE LA CLASIFICACIÓN DECIMAL UNIVERSAL |
| Número de la Clasificación Decimal Universal |
821.134.2-1(082.2) |
| 245 03 - MENCIÓN DEL TÍTULO |
| Título |
La luz de la palabra / |
| Mención de responsabilidad, etc. |
Manantial Folk ; [dirección y coordinación literaria, José María Muñoz Quirós ; ilustraciones, Miguel Elías]. |
| 260 ## - PUBLICACIÓN, DISTRIBUCIÓN, ETC. |
| Lugar de publicación, distribución, etc. |
[Madrid] : |
| Nombre del editor, distribuidor, etc. |
Manantial Folk, |
| Fecha de publicación, distribución, etc. |
[2014] |
| 300 ## - DESCRIPCIÓN FÍSICA |
| Extensión |
[46] p. : |
| Otras características físicas |
il. col., música ; |
| Dimensiones |
19 cm + |
| Material acompañante/anejo |
1 CD. |
| 505 8# - NOTA DE CONTENIDO CON FORMATO |
| Nota de contenido con formato |
Contiene: ; |
| Título |
Vivo sin vivir en mí / |
| Mención de responsabilidad |
Santa Teresa de Jesús. -- |
| Título |
Los amores del agua / |
| Mención de responsabilidad |
José Pulido. -- |
| Título |
Del límite en el amor / |
| Mención de responsabilidad |
Clara Janés. -- |
| Título |
Llama oscura / |
| Mención de responsabilidad |
José María Muñoz Quirós. -- |
| Título |
Árbol de Santa Teresa / |
| Mención de responsabilidad |
Carlos Aganzo. -- |
| Título |
Sefarad / |
| Mención de responsabilidad |
Santiago Castelo. -- |
| Título |
El rumor de la llama / |
| Mención de responsabilidad |
Antonio Colinas. -- |
| Título |
Nieve / |
| Mención de responsabilidad |
Rafael Morales. -- |
| Título |
Gorrión / |
| Mención de responsabilidad |
Claudio Rodríguez. -- |
| Título |
¡Oh hermosura que excedéis! / |
| Mención de responsabilidad |
Santa Teresa de Jesús |
| 600 00 - PUNTO DE ACCESO ADICIONAL DE MATERIA--NOMBRE DE PERSONA |
| Nombre de persona |
Teresa de Jesús, |
| Títulos y otros términos asociados al nombre |
Santa, |
| Fechas asociadas al nombre |
1515-1582 |
| 9 (RLIN) |
226510 |
| 700 1# - ENTRADA AGREGADA--NOMBRE PERSONAL |
| Nombre de persona |
Muñoz Quirós, José María. |
| 9 (RLIN) |
84480 |
| 700 1# - ENTRADA AGREGADA--NOMBRE PERSONAL |
| Nombre de persona |
Sánchez Sánchez, Miguel Elías, |
| Fechas asociadas al nombre |
1963- |
| 9 (RLIN) |
159493 |
| 700 0# - ENTRADA AGREGADA--NOMBRE PERSONAL |
| Nombre de persona |
Teresa de Jesús, |
| Títulos y otros términos asociados al nombre |
Santa, |
| Fechas asociadas al nombre |
1515-1582 |
| 9 (RLIN) |
226510 |
| 710 2# - ENTRADA AGREGADA--NOMBRE DE ENTIDAD CORPORATIVA |
| Nombre de entidad corporativa o nombre de jurisdicción como elemento de entrada |
Manantial Folk (Grupo musical) |
| 9 (RLIN) |
159492 |
| 852 ## - LOCALIZACIÓN |
| Ubicación |
ES-MaACL |
| Número de control de estantería |
A-13729 |
| itemnumber |
192299 |
| Sublocalización o colección |
R.150872 |
| Ubicación en estantería |
Depósito 1 |
| Signatura antigua |
Olim: N-6729 |
| 852 ## - LOCALIZACIÓN |
| Ubicación |
ES-MaACL |
| Número de control de estantería |
ROT 2/7/8 (CD) |
| 942 ## - ELEMENTOS DE ENTRADA SECUNDARIOS (KOHA) |
| Fuente del sistema de clasificación o colocación |
Clasificación decimal universal |
| Tipo de ítem Koha |
Libro impreso |